Statistics for Disney Songs by Lyrics

Click here to take the quiz!

General Stats

  • This quiz has been taken 973 times
  • The average score is 10 of 15

Answer Stats

HintAnswer% Correct
"Darling it's better, down where it's wetter, take it from me!"Under the Sea
94%
"Try the Grey stuff, it's Delicious. Don't believe me? Ask the dishes!"Be Our Guest
93%
"Let the storm rage on! The cold never bothered me anyway"Let It Go
93%
"It means no worries, for the rest of your days."Hakuna Matata
90%
"I can show you the world! Shining, shimmering splendid."A Whole New World
84%
"Have you ever heard the wolf cry to the blue corn moon!"Colors of the Wind
77%
"Did they send me daughters? When I asked for sons!"I'll Make a Man out of You
74%
"No chance no way I won't say it, no no (Give up, give in, check the grin you're in love)"I Won't Say I'm in Love
66%
"Or ride our bikes around the halls! I think some company is overdue! I've started talking to the pictures on the walls!"Do You Wanna Build a Snowman
65%
"Who stole the fire from down below? You're lookin' at him, yo."You're Welcome
59%
"Wherever I wander, wherever I roam I couldn't be fonder of my big home The bees are buzzin' in the trees To make some honey just for me"The Bear Necessities
43%
"Bruiser knits! Killer sews! Fang does little puppet show!s And Vladimir collects ceramic unicorns!"I've Got A Dream
42%
"We dig dig dig dig dig dig dig in our mine the whole day through!"Heigh Ho
40%
"Nants ingonyama bagithi baba! Sithi uhhmm ingonyama!"The Circle of Life
35%
"To hold me down, to make me fret or make me frown."I've Got No Strings
17%

Score Distribution

Percentile by Number Answered

Percent of People with Each Score

Your Score History

You have not taken this quiz